000 00305nam a22001457a 4500
020 _a81-89999-06-0
082 _a823
_bPAI/A
100 _aPAI, ANANT
245 _aASHIKA
260 _aMUMBAI
300 _a32
520 _aENGLISH SHORT STORIES
650 _aENGLISH SHORT STORIES
_zMUMBAI
942 _cBK
999 _c5252
_d5252